000
00291nam a22001337a 4500
008
180920b xxu||||| |||| 00| 0 eng d
020
_a
0911198997
041
_a
eng
080
_a
574
100
_a
9
101
_a
MJE
245
_a
The Argument Of Agriculture
_c
Jan.w
942
_2
udc
_c
BK
999
_c
48131
_d
48131